00494nmm a2200145Ia 4500008004100000020001500041041000800056100002500064245006300089264007800152300001800230490002200248650002900270856004900299251105s9999||||xx |||||||||||||||||und|| a8479084375 aspa aFrau Llinares, M. J. 0aMujer y trabajo. Entre la producción y la reproducción a[Madrid, España] :bPublicaciones de la Universidad de Alicante, c1998 a216 páginas aCiencias Sociales aGender and Women Studies uhttps://public.digitaliapublishing.com/a/751